| 000 -LEADER |
| fixed length control field |
00542nam a22001937a 4500 |
| 005 - DATE AND TIME OF LATEST TRANSACTION |
| control field |
20150330061209.0 |
| 008 - FIXED-LENGTH DATA ELEMENTS--GENERAL INFORMATION |
| fixed length control field |
960530s1997 flua b 001 0 eng |
| 020 ## - INTERNATIONAL STANDARD BOOK NUMBER |
| International Standard Book Number |
0849369754 |
| 080 ## - UNIVERSAL DECIMAL CLASSIFICATION NUMBER |
| Universal Decimal Classification number |
57 |
| 245 00 - TITLE STATEMENT |
| Title |
Endothelins in biology and medicine / |
| Statement of responsibility, etc |
edited by John P. Huggins, John T. Pelton. |
| 260 ## - |
| -- |
Boca Raton : |
| -- |
CRC Press, |
| -- |
1997. |
| 300 ## - |
| -- |
390 f. : |
| -- |
me il.; |
| -- |
26 cm. |
| 505 ## - |
| -- |
Index: f. 379 - 390 |
| 650 #0 - |
| -- |
Mjekësi |
| 650 #0 - |
| -- |
Biologji |
| 700 1# - |
| -- |
Huggins, John P. |
| 700 1# - |
| -- |
Pelton, John T. |
| 942 ## - ADDED ENTRY ELEMENTS (KOHA) |
| Source of classification or shelving scheme |
|
| Item type |
Books |